000 01293cam a22003133a 4500
001 21272
003 PGUSA
005 20140828083443.0
008 070502s2007||||xxu|||||s|||||000 i eng d
040 _aPGUSA
_beng
042 _adc
050 4 _aPN
100 1 _aVincent, Leon H.
_q(Leon Henry),
_d1859-1941
245 1 4 _aThe Bibliotaph, and Other People
_h[electronic resource] /
_cLeon H. Vincent
260 _bProject Gutenberg,
_c2007
505 0 _aThe bibliotaph, a portrait not wholly imaginary -- The bibliotaph, his friends, scrapbooks, and 'bins' -- Last words on the bibliotaph -- Thomas Hardy -- A reading in the letters of John Keats -- An Elizabethan novelist -- The autobiography of a fair-minded man -- Concerning a red waistcoat -- Stevenson, the vagabond and the philosopher -- Stevenson's St. Ives.
506 _aPublic domain in the USA.
516 _aElectronic text
653 _aPriestley, Joseph, 1733-1804
653 _aLyly, John, 1554?-1606
653 _aHardy, Thomas, 1840-1928
653 _aKeats, John, 1795-1821
653 _aStevenson, Robert Louis, 1850-1894
653 _aGautier, Théophile, 1811-1872
653 _aBook collectors
830 0 _aProject Gutenberg
_v21272
856 4 0 _uhttp://www.gutenberg.org/ebooks/21272
942 _cEB
999 _c250527
_d250527